Introducción al cálculo de la confiabilidad de las estructuras civiles

保存先:
書誌詳細
第一著者: Bignoli, Arturo J (著者)
フォーマット: 図書
言語:スペイン語
出版事項: Buenos Aires El Ateneo 1986
主題:
タグ: タグ追加
タグなし, このレコードへの初めてのタグを付けませんか!

MARC

LEADER 00000nam a2200000 a 4500
001 UCY2470
003 CL-VaPUC
008 941027e19860000AG |||||||||||||||||spa|d
082 0 4 |a 624.171  |b BIG  |2 21 
100 0 |a Bignoli, Arturo J  |e author  |9 330500 
245 1 0 |a Introducción al cálculo de la confiabilidad de las estructuras civiles 
300 |a 294 p 
942 |c BK 
945 |d 19941027 00:00:00  |a mfernand 
260 |a Buenos Aires  |b El Ateneo  |c 1986 
650 0 |a Análisis estructural   |9 260661 
650 0 |a Ingeniería   |9 259380 
583 |a last modification  |c 19941027 00:00:00  |k Rodrigo Vera 
999 |c 230871  |d 230869 
952 |0 0  |1 0  |4 0  |6 624_171000000000000_BIG_1986  |7 0  |8 A  |9 233488  |a BIBING  |b BIBING  |d 2019-11-15  |i 3033023  |o 624.171 BIG 1986  |p 3033023  |r 2025-01-20  |w 2019-11-15  |y BK  |k CCL